| 000 | 00430nam a22001457a 4500 | ||
|---|---|---|---|
| 020 | _qPB. | ||
| 040 | _cFIZZA ISHAQ | ||
| 082 |
_a941.08 _bMAN |
||
| 100 |
_aManchester , William. _927045 |
||
| 245 |
_aThe Last Lion Winston Spencer Churchill *Vol.I* Visions of Glory 1874-1932 / _c William Manchester. |
||
| 250 | _aVol : I | ||
| 260 |
_aNew York: _b Bantam, _c1993. |
||
| 300 |
_a973 P. ; _c5.4 x 2 x 8 inches |
||
| 942 |
_2ddc _cBK |
||
| 999 |
_c617026 _d617026 |
||